000 01285nam a22002417i 4500
999 _c23112
_d23112
003 AR-CdUCM
008 241108b20222022 pe||||| |||| 00| 0 spa d
040 _aMUNICIPALIDAD PROVINCIAL DEL CUSCO
_cBIBLIOTECA MUNICIPAL DEL CUSCO
041 _hspa
082 _a370.98561 / B96
_bB96
100 _aBustos Aparicio, Heriberto
_950778
245 _aBitácora Educativa Cusqueña :
_bEntre el anclaje y la deriva (1962 - 2022) /
260 _aCusco :
_bEditorial Offset Mercantil EIRL.
_c2022
300 _a278 páginas. :
_c21.5 cm
500 _zBibliografía: páginas 275 - 278
505 _aDesde el incanato a la república: Breve revisión de la educación -- Discurrir administrativo y pedagógico entre los años 1971-1980 -- Discurrir administrativo y pedagógico entre lo años 1981-1990 -- Discurrir administrativo y pedagógico entre los años 1991-2000 -- Reordenamiento educativo 2001- 2010 -- Abriendo la puertas al desorden educativo 2011- 2020 -- Encuentros y desencuentros entre educación y políticas regionales -- Prospectiva de la educación cusqueña.
650 _aEducación
_9460
650 _aSituación política
_950779
650 _aEducación cusqueña
_950780
650 _aPedagogía
_91560
942 _2ddc
_cLIBROS
945 _apbj
_d08-11-2024